[Event "Groningen op 56th"]
[Site "Groningen"]
[Date "2018.12.27"]
[Round "6"]
[White "Van der Berg, Wessel"]
[Black "Van Leusden, Dennis"]
[Result "0-1"]
[WhiteElo "2032"]
[BlackElo "2016"]
[PlyCount "92"]
[EventDate "2018.12.22"]
[EventType "swiss"]
[EventRounds "9"]
[EventCountry "NED"]
[SourceTitle "CBM 188 Extra"]
[Source "ChessBase"]
[SourceDate "2019.02.26"]
[SourceVersion "1"]
[SourceVersionDate "2019.02.26"]
[SourceQuality "1"]

1. e4 c5 2. Nc3 Nc6 3. f4 g6 4. Nf3 Bg7 5. Bb5 Nd4 6. Nxd4 Bxd4 7. Ne2 Bg7 8. c4 e6 9. 0-0 Ne7 10. Rb1 0-0 11. d4 cxd4 12. Nxd4 a6 13. Ba4 b5 14. cxb5 axb5 15. Bc2 Nc6 16. Be3 Nxd4 17. Bxd4 Rxa2 18. Bxg7 Kxg7 19. f5 f6 20. Qg4 Qb6+ 21. Kh1 Qd4 22. fxg6 hxg6 23. Rf3 Rxb2 24. Rxb2 f5 25. Qg5 Qxb2 26. Bd3 Qf6 27. Qe3 Bb7 28. e5 Qh4 29. Rh3 f4 30. Rxh4 fxe3 31. Rg4 Rf2 32. Rxg6+ Kf7 33. Kg1 Rd2 34. Rf6+ Ke7 35. Bxb5 Rxg2+ 36. Kf1 Rxh2 37. Rg6 Kd8 38. Rg3 Rb2 39. Bc4 Rc2 40. Bd3 Rf2+ 41. Ke1 Bf3 42. Bb5 Kc7 43. Bc4 Kb6 44. Bf1 Kc5 45. Rg7 Rd2 46. Rg3 Rd1# 0-1

[Event "Groningen op 56th"]
[Site "Groningen"]
[Date "2018.12.23"]
[Round "2"]
[White "Rut, Vojtech"]
[Black "Van Leusden, Dennis"]
[Result "1-0"]
[WhiteElo "2140"]
[BlackElo "2016"]
[PlyCount "70"]
[EventDate "2018.12.22"]
[EventType "swiss"]
[EventRounds "9"]
[EventCountry "NED"]
[SourceTitle "CBM 188 Extra"]
[Source "ChessBase"]
[SourceDate "2019.02.26"]
[SourceVersion "1"]
[SourceVersionDate "2019.02.26"]
[SourceQuality "1"]

1. e4 c5 2. Nf3 Nf6 3. e5 Nd5 4. Nc3 e6 5. Nxd5 exd5 6. d4 Nc6 7. dxc5 Bxc5 8. c3 Qb6 9. Qc2 a5 10. Bd3 d6 11. exd6 Be6 12. 0-0 Bxd6 13. a3 h6 14. Be3 Qc7 15. Qa4 0-0 16. Qh4 Ne5 17. Nxe5 Bxe5 18. f4 Bf6 19. Qh5 d4 20. Bxd4 Bxd4+ 21. cxd4 Qd7 22. Qe5 Rfe8 23. Bb5 Qd5 24. Bxe8 Rxe8 25. Qxd5 Bxd5 26. Rfe1 Be4 27. Rac1 f5 28. Rc5 Rd8 29. Rd1 b6 30. Rc7 Rd5 31. Kf2 Kh7 32. g3 Rb5 33. Rd2 Kg6 34. Re7 Kf6 35. Re5 Bd5 1-0

[Event "Jersey op"]
[Site "St Clement Bay"]
[Date "2018.04.06"]
[Round "8.17"]
[White "Van Leusden, Dennis"]
[Black "Held, Thomas"]
[Result "1-0"]
[WhiteElo "2035"]
[BlackElo "2056"]
[PlyCount "61"]
[EventDate "2018.03.31"]
[EventType "swiss"]
[EventRounds "9"]
[EventCountry "GCI"]
[SourceTitle "CBM 183 Extra"]
[Source "ChessBase"]
[SourceDate "2018.04.19"]
[SourceVersion "1"]
[SourceVersionDate "2018.04.19"]
[SourceQuality "1"]

1. e4 e6 2. d4 d5 3. Nc3 Nf6 4. e5 Nfd7 5. f4 c5 6. Nf3 Nc6 7. Be3 a6 8. Qd2 b5 9. Nd1 Be7 10. Be2 g6 11. 0-0 0-0 12. c3 Qb6 13. h4 b4 14. h5 a5 15. hxg6 hxg6 16. Nf2 Ba6 17. Ng4 bxc3 18. bxc3 cxd4 19. Nxd4 Nxd4 20. Bxd4 Bc5 21. Rab1 Qa7 22. Bxa6 Qxa6 23. Rf3 Bxd4+ 24. cxd4 f5 25. exf6 Nxf6 26. Qc2 Ne4 27. Nh6+ Kg7 28. Qc7+ Kf6 29. Ng4+ Kf5 30. Ne3+ Kf6 31. Rb7 1-0

[Event "Jersey op"]
[Site "St Clement Bay"]
[Date "2018.04.01"]
[Round "2.13"]
[White "Mitchell, Martin"]
[Black "Van Leusden, Dennis"]
[Result "1/2-1/2"]
[WhiteElo "2237"]
[BlackElo "2035"]
[PlyCount "102"]
[EventDate "2018.03.31"]
[EventType "swiss"]
[EventRounds "9"]
[EventCountry "GCI"]
[SourceTitle "CBM 183 Extra"]
[Source "ChessBase"]
[SourceDate "2018.04.19"]
[SourceVersion "1"]
[SourceVersionDate "2018.04.19"]
[SourceQuality "1"]

1. d4 Nf6 2. c4 e6 3. Nc3 Bb4 4. e3 0-0 5. Nge2 Re8 6. a3 Bf8 7. Ng3 d5 8. Be2 b6 9. cxd5 exd5 10. b4 c6 11. 0-0 Ba6 12. Bxa6 Nxa6 13. Qa4 Nb8 14. b5 cxb5 15. Qxb5 a6 16. Qb3 Nc6 17. Na4 b5 18. Nc5 Na5 19. Qd3 Qb6 20. Rd1 Nc4 21. Nb3 Rac8 22. Nd2 Rc7 23. Ndf1 Rec8 24. e4 dxe4 25. Nxe4 Nxe4 26. Qxe4 Nd6 27. Qd5 Qc6 28. Ne3 Rd7 29. Qb3 Nc4 30. a4 Na5 31. Qd3 bxa4 32. d5 Qb5 33. Rb1 Nb3 34. Bb2 Qxd3 35. Rxd3 Rcd8 36. Bd4 Nxd4 37. Rxd4 Bc5 38. Rxa4 Bxe3 39. fxe3 Rxd5 40. Rxa6 g6 41. Rab6 Kg7 42. Rb7 Rf5 43. Rf1 Rxf1+ 44. Kxf1 Rd2 45. Ra7 g5 46. h3 Kg6 47. Ra6+ f6 48. Rb6 h5 49. Ra6 g4 50. hxg4 hxg4 51. g3 Kg5 1/2-1/2

[Event "Vlissingen HZ op 21st"]
[Site "Vlissingen"]
[Date "2017.08.11"]
[Round "8"]
[White "Kersten, Uwe"]
[Black "Van Leusden, Dennis"]
[Result "1/2-1/2"]
[WhiteElo "2245"]
[BlackElo "2020"]
[PlyCount "51"]
[EventDate "2017.08.05"]
[EventType "swiss"]
[EventRounds "9"]
[EventCountry "NED"]
[SourceTitle "CBM 179 Extra"]
[Source "ChessBase"]
[SourceDate "2017.08.23"]
[SourceVersion "1"]
[SourceVersionDate "2017.08.23"]
[SourceQuality "1"]

1. e4 c5 2. Nf3 d6 3. Bb5+ Bd7 4. Bxd7+ Qxd7 5. 0-0 Nf6 6. Qe2 Nc6 7. Rd1 e6 8. d4 cxd4 9. Nxd4 Be7 10. c4 0-0 11. Nc3 Rac8 12. b3 a6 13. Bb2 Qc7 14. Rac1 Rfd8 15. Nxc6 Qxc6 16. Re1 Qc7 17. Rcd1 Qa5 18. Rd3 Qh5 19. Qd2 Nd7 20. Rh3 Qg5 21. f4 Qc5+ 22. Kh1 b5 23. a3 bxc4 24. b4 Qc6 25. Qe2 Nf6 26. Rf1 1/2-1/2

[Event "Vlissingen HZ op 21st"]
[Site "Vlissingen"]
[Date "2017.08.07"]
[Round "4"]
[White "Van Leusden, Dennis"]
[Black "Keetman, Maaike"]
[Result "0-1"]
[WhiteElo "2020"]
[BlackElo "2243"]
[PlyCount "120"]
[EventDate "2017.08.05"]
[EventType "swiss"]
[EventRounds "9"]
[EventCountry "NED"]
[SourceTitle "CBM 179 Extra"]
[Source "ChessBase"]
[SourceDate "2017.08.23"]
[SourceVersion "1"]
[SourceVersionDate "2017.08.23"]
[SourceQuality "1"]

1. e4 c5 2. Nf3 e6 3. d4 cxd4 4. Nxd4 Nc6 5. Nb5 d6 6. c4 Nf6 7. N1c3 a6 8. Na3 Be7 9. Be2 0-0 10. 0-0 b6 11. Be3 Bb7 12. f3 Ne5 13. Qd2 Qc7 14. Rac1 Rac8 15. Rfd1 Rfd8 16. Nc2 h5 17. Qe1 h4 18. Nd4 Qb8 19. Qf1 Qa8 20. Na4 Nfd7 21. a3 g6 22. Nc3 Kg7 23. b4 Rh8 24. Nb3 Bc6 25. a4 g5 26. b5 axb5 27. axb5 Bb7 28. Ra1 Qb8 29. Na4 Bd8 30. Bd4 Kf8 31. Qf2 Nc5 32. Nbxc5 dxc5 33. Bb2 Rg8 34. Qe3 Bc7 35. Nc3 Ng6 36. h3 Bf4 37. Qd3 Ne5 38. Qc2 Be3+ 39. Kh1 Ng6 40. Qd3 Bd4 41. Na4 Nf4 42. Qc2 Qd6 43. Rxd4 cxd4 44. Ba3 Rc5 45. e5 Qc7 46. Bf1 Ke8 47. Qh7 Rf8 48. Nxc5 bxc5 49. Qg7 Ng6 50. Rd1 Nxe5 51. Rxd4 Nxf3 52. Rd8+ Qxd8 53. Bxc5 Kd7 54. Bxf8 Kc8 55. Qxf7 Nd4 56. Bc5 Kb8 57. Bxd4 Qxd4 58. Qxe6 Qf2 59. Qe2 Bxg2+ 60. Kh2 Qg3+ 0-1